Quiz sur la Transylvanie - Statistiques

Statistiques générales
  • Ce quiz a été pris 14 fois
  • Le résultat moyen est 3 sur 10
Statistiques - réponses
Hint Réponse % Correct
Quel vampire connu est inspiré d'un dictateur célèbre venant de Transylvanie ? Le vampire Dracula
91%
Quelle chaîne de montagne entoure la Transylvanie ? Les chaînes des Carpates
64%
Quel jeu vidéo extrêmement connu se déroule en Transylvanie ? Castlevania
36%
Où se trouve la Transylvanie dans la Roumanie actuelle ? Centre-Ouest de la Roumanie
36%
Où fonctionne l'université publique transylvaine ? Elle fonctionne à Brasov
18%
De quel groupe de musique vient la chanson Transylvania ? Elle vient du groupe Iron Maiden
9%
Quel est la date de création de la principauté de Transylvanie ? 1224
0%
Quand cette principauté s'est-elle dissoute ? 1867
0%
Par qui est réalisé la comédie familiale animée américaine Hôtel Transylvanie ? Elle a été réalisée par Genndy Tartakovsky
0%
Comment appelle-t-on la principauté de Transylvanie en Roumanie ? Tara Ardealului
0%
Aucun quiz correspondant
Distribution des résultats
% des personnes avec chaque résultat
Percentile par nombre de réponses
Votre historique - résultats
Vous n’avez pas pris ce quiz